| 000 | 00463nam a2200181Ia 4500 | ||
|---|---|---|---|
| 003 | GCL | ||
| 008 | 140319s9999 xx 000 0 eng d | ||
| 040 |
_aGCL / _cGCL |
||
| 082 | 0 | 4 |
_a709 _bL H |
| 100 | 1 | _aLIBRAIRIE HACHETTE | |
| 245 | 1 | 0 |
_aHISTOIRE DE L'ART / _cLIBRAIRIE HACHETTE |
| 260 |
_a[S.N] : _bLIBRAIRIE HACHETTE ، _c1925 |
||
| 300 | _a63 P | ||
| 490 |
_aEMCYCLOPEDIE PAR L'IMAGE _v0 |
||
| 650 | 0 | 4 | _aARTS |
| 650 | 0 | 4 | _aART, HISTORY |
| 942 |
_2ddc _cBK |
||
| 999 |
_c19726 _d19726 |
||